<?xml version="1.0" encoding="UTF-8"?>
<collection xmlns="http://www.loc.gov/MARC21/slim">
 <record>
  <leader>03467cam a2200769   4500</leader>
  <controlfield tag="001">481815244</controlfield>
  <controlfield tag="003">DE-627</controlfield>
  <controlfield tag="005">20250207002840.0</controlfield>
  <controlfield tag="007">tu</controlfield>
  <controlfield tag="008">050315s2005    xxu|||||      00| ||eng c</controlfield>
  <datafield tag="016" ind1="7" ind2=" ">
   <subfield code="a">013255558</subfield>
   <subfield code="2">UK</subfield>
  </datafield>
  <datafield tag="020" ind1=" " ind2=" ">
   <subfield code="a">9780262025805</subfield>
   <subfield code="c"> : alk. paper</subfield>
   <subfield code="9">978-0-262-02580-5</subfield>
  </datafield>
  <datafield tag="020" ind1=" " ind2=" ">
   <subfield code="a">0262025809</subfield>
   <subfield code="c">alk. paper</subfield>
   <subfield code="9">0-262-02580-9</subfield>
  </datafield>
  <datafield tag="024" ind1="3" ind2=" ">
   <subfield code="a">9780262025805</subfield>
  </datafield>
  <datafield tag="024" ind1="8" ind2=" ">
   <subfield code="a">2005043347</subfield>
   <subfield code="q">Identnummer</subfield>
  </datafield>
  <datafield tag="035" ind1=" " ind2=" ">
   <subfield code="a">(DE-627)481815244</subfield>
  </datafield>
  <datafield tag="035" ind1=" " ind2=" ">
   <subfield code="a">(DE-576)250432161</subfield>
  </datafield>
  <datafield tag="035" ind1=" " ind2=" ">
   <subfield code="a">(DE-599)GBV481815244</subfield>
  </datafield>
  <datafield tag="035" ind1=" " ind2=" ">
   <subfield code="a">(OCoLC)694939760</subfield>
  </datafield>
  <datafield tag="035" ind1=" " ind2=" ">
   <subfield code="a">(OCoLC)58451649</subfield>
  </datafield>
  <datafield tag="040" ind1=" " ind2=" ">
   <subfield code="a">DE-627</subfield>
   <subfield code="b">ger</subfield>
   <subfield code="c">DE-627</subfield>
   <subfield code="e">rakwb</subfield>
  </datafield>
  <datafield tag="041" ind1=" " ind2=" ">
   <subfield code="a">eng</subfield>
  </datafield>
  <datafield tag="044" ind1=" " ind2=" ">
   <subfield code="c">XD-US</subfield>
   <subfield code="c">XA-GB</subfield>
  </datafield>
  <datafield tag="050" ind1=" " ind2="0">
   <subfield code="a">TR642</subfield>
  </datafield>
  <datafield tag="082" ind1="0" ind2=" ">
   <subfield code="a">700.9747109041</subfield>
  </datafield>
  <datafield tag="082" ind1="0" ind2=" ">
   <subfield code="a">700/.9747/109041</subfield>
  </datafield>
  <datafield tag="084" ind1=" " ind2=" ">
   <subfield code="a">9,11</subfield>
   <subfield code="2">ssgn</subfield>
  </datafield>
  <datafield tag="084" ind1=" " ind2=" ">
   <subfield code="a">AP 94100</subfield>
   <subfield code="2">rvk</subfield>
   <subfield code="0">(DE-625)rvk/8146:</subfield>
  </datafield>
  <datafield tag="084" ind1=" " ind2=" ">
   <subfield code="a">AP 94300</subfield>
   <subfield code="2">rvk</subfield>
   <subfield code="0">(DE-625)rvk/8148:</subfield>
  </datafield>
  <datafield tag="084" ind1=" " ind2=" ">
   <subfield code="a">20.31</subfield>
   <subfield code="2">bkl</subfield>
  </datafield>
  <datafield tag="084" ind1=" " ind2=" ">
   <subfield code="a">21.42</subfield>
   <subfield code="2">bkl</subfield>
  </datafield>
  <datafield tag="100" ind1="1" ind2=" ">
   <subfield code="8">1\p</subfield>
   <subfield code="a">Bochner, Jay</subfield>
   <subfield code="0">(DE-588)172006155</subfield>
   <subfield code="0">(DE-627)696903458</subfield>
   <subfield code="0">(DE-576)132882051</subfield>
   <subfield code="4">aut</subfield>
  </datafield>
  <datafield tag="245" ind1="1" ind2="3">
   <subfield code="a">An American lens</subfield>
   <subfield code="b">scenes from Alfred Stieglitz's New York Secession</subfield>
   <subfield code="c">Jay Bochner</subfield>
  </datafield>
  <datafield tag="263" ind1=" " ind2=" ">
   <subfield code="a">0512</subfield>
  </datafield>
  <datafield tag="264" ind1=" " ind2="1">
   <subfield code="a">Cambridge, Mass. [u.a.]</subfield>
   <subfield code="b">MIT Press</subfield>
   <subfield code="c">2005</subfield>
  </datafield>
  <datafield tag="300" ind1=" " ind2=" ">
   <subfield code="a">XVI, 371 S.</subfield>
   <subfield code="b">Ill.</subfield>
  </datafield>
  <datafield tag="336" ind1=" " ind2=" ">
   <subfield code="a">Text</subfield>
   <subfield code="b">txt</subfield>
   <subfield code="2">rdacontent</subfield>
  </datafield>
  <datafield tag="337" ind1=" " ind2=" ">
   <subfield code="a">ohne Hilfsmittel zu benutzen</subfield>
   <subfield code="b">n</subfield>
   <subfield code="2">rdamedia</subfield>
  </datafield>
  <datafield tag="338" ind1=" " ind2=" ">
   <subfield code="a">Band</subfield>
   <subfield code="b">nc</subfield>
   <subfield code="2">rdacarrier</subfield>
  </datafield>
  <datafield tag="500" ind1=" " ind2=" ">
   <subfield code="a">Includes bibliographical references and index</subfield>
  </datafield>
  <datafield tag="600" ind1="1" ind2="0">
   <subfield code="a">Stieglitz, Alfred</subfield>
  </datafield>
  <datafield tag="650" ind1=" " ind2="0">
   <subfield code="a">Photography, Artistic</subfield>
   <subfield code="x">Philosophy</subfield>
  </datafield>
  <datafield tag="650" ind1=" " ind2="0">
   <subfield code="a">Photography</subfield>
   <subfield code="x">History</subfield>
   <subfield code="x">20th century</subfield>
   <subfield code="x">United States</subfield>
  </datafield>
  <datafield tag="650" ind1=" " ind2="0">
   <subfield code="a">Arts, American</subfield>
   <subfield code="x">20th century</subfield>
  </datafield>
  <datafield tag="650" ind1=" " ind2="0">
   <subfield code="a">Modernism (Art)</subfield>
  </datafield>
  <datafield tag="650" ind1=" " ind2="0">
   <subfield code="a">Art and photography</subfield>
   <subfield code="x">United States</subfield>
  </datafield>
  <datafield tag="653" ind1=" " ind2="0">
   <subfield code="a">Photo-Secession (Association)</subfield>
  </datafield>
  <datafield tag="653" ind1=" " ind2="0">
   <subfield code="a">Armory Show</subfield>
  </datafield>
  <datafield tag="689" ind1="0" ind2="0">
   <subfield code="d">p</subfield>
   <subfield code="0">(DE-588)118798847</subfield>
   <subfield code="0">(DE-627)265910528</subfield>
   <subfield code="0">(DE-576)209473657</subfield>
   <subfield code="a">Stieglitz, Alfred</subfield>
   <subfield code="d">1864-1946</subfield>
   <subfield code="2">gnd</subfield>
  </datafield>
  <datafield tag="689" ind1="0" ind2="1">
   <subfield code="d">g</subfield>
   <subfield code="0">(DE-588)4042011-5</subfield>
   <subfield code="0">(DE-627)106216457</subfield>
   <subfield code="0">(DE-576)209048166</subfield>
   <subfield code="a">New York, NY</subfield>
   <subfield code="2">gnd</subfield>
  </datafield>
  <datafield tag="689" ind1="0" ind2="2">
   <subfield code="d">s</subfield>
   <subfield code="0">(DE-588)4045895-7</subfield>
   <subfield code="0">(DE-627)104434880</subfield>
   <subfield code="0">(DE-576)209067160</subfield>
   <subfield code="a">Fotografie</subfield>
   <subfield code="2">gnd</subfield>
  </datafield>
  <datafield tag="689" ind1="0" ind2="3">
   <subfield code="d">s</subfield>
   <subfield code="0">(DE-588)4208853-7</subfield>
   <subfield code="0">(DE-627)105109045</subfield>
   <subfield code="0">(DE-576)210188367</subfield>
   <subfield code="a">Kunstbetrieb</subfield>
   <subfield code="2">gnd</subfield>
  </datafield>
  <datafield tag="689" ind1="0" ind2=" ">
   <subfield code="5">(DE-627)</subfield>
  </datafield>
  <datafield tag="700" ind1="1" ind2=" ">
   <subfield code="a">Stieglitz, Alfred</subfield>
   <subfield code="d">1864-1946</subfield>
   <subfield code="0">(DE-588)118798847</subfield>
   <subfield code="0">(DE-627)265910528</subfield>
   <subfield code="0">(DE-576)209473657</subfield>
   <subfield code="4">oth</subfield>
  </datafield>
  <datafield tag="856" ind1="4" ind2="2">
   <subfield code="u">https://swbplus.bsz-bw.de/bsz250432161inh.htm</subfield>
   <subfield code="m">V:DE-576</subfield>
   <subfield code="q">text/html</subfield>
   <subfield code="3">Inhaltsverzeichnis</subfield>
  </datafield>
  <datafield tag="883" ind1=" " ind2=" ">
   <subfield code="8">1</subfield>
   <subfield code="a">cgwrk</subfield>
   <subfield code="d">20241001</subfield>
   <subfield code="q">DE-101</subfield>
   <subfield code="u">https://d-nb.info/provenance/plan#cgwrk</subfield>
  </datafield>
  <datafield tag="935" ind1=" " ind2=" ">
   <subfield code="i">Blocktest</subfield>
  </datafield>
  <datafield tag="936" ind1="r" ind2="v">
   <subfield code="a">AP 94100</subfield>
   <subfield code="b">Biografien, Memoiren, Tagebücher, Briefe, Bildbände einzelner Fotografen</subfield>
   <subfield code="k">Allgemeines</subfield>
   <subfield code="k">Medien- und Kommunikationswissenschaften, Medienkulturwissenschaft, Kommunikationsdesign</subfield>
   <subfield code="k">Fotografie</subfield>
   <subfield code="k">Biografie, Geschichte</subfield>
   <subfield code="k">Biografien, Memoiren, Tagebücher, Briefe, Bildbände einzelner Fotografen</subfield>
   <subfield code="0">(DE-627)127063609X</subfield>
   <subfield code="0">(DE-625)rvk/8146:</subfield>
   <subfield code="0">(DE-576)20063609X</subfield>
  </datafield>
  <datafield tag="936" ind1="r" ind2="v">
   <subfield code="a">AP 94300</subfield>
   <subfield code="b">Künstlerische Entwicklung</subfield>
   <subfield code="k">Allgemeines</subfield>
   <subfield code="k">Medien- und Kommunikationswissenschaften, Medienkulturwissenschaft, Kommunikationsdesign</subfield>
   <subfield code="k">Fotografie</subfield>
   <subfield code="k">Biografie, Geschichte</subfield>
   <subfield code="k">Künstlerische Entwicklung</subfield>
   <subfield code="0">(DE-627)1270636162</subfield>
   <subfield code="0">(DE-625)rvk/8148:</subfield>
   <subfield code="0">(DE-576)200636162</subfield>
  </datafield>
  <datafield tag="936" ind1="b" ind2="k">
   <subfield code="a">20.31</subfield>
   <subfield code="j">Bildende Künstler</subfield>
   <subfield code="0">(DE-627)181571080</subfield>
  </datafield>
  <datafield tag="936" ind1="b" ind2="k">
   <subfield code="a">21.42</subfield>
   <subfield code="j">Geschichte der Photographie</subfield>
   <subfield code="0">(DE-627)106405713</subfield>
  </datafield>
  <datafield tag="951" ind1=" " ind2=" ">
   <subfield code="a">BO</subfield>
  </datafield>
  <datafield tag="990" ind1=" " ind2=" ">
   <subfield code="a">Stieglitz, Alfred</subfield>
  </datafield>
  <datafield tag="990" ind1=" " ind2=" ">
   <subfield code="a">New York, NY</subfield>
  </datafield>
  <datafield tag="990" ind1=" " ind2=" ">
   <subfield code="a">Fotografie</subfield>
  </datafield>
  <datafield tag="990" ind1=" " ind2=" ">
   <subfield code="a">Kunstbetrieb</subfield>
  </datafield>
  <datafield tag="999" ind1=" " ind2=" ">
   <subfield code="a">KXP-PPN481815244</subfield>
   <subfield code="e">3243966159</subfield>
  </datafield>
 </record>
</collection>
